| 000 | 00517nam a22001817a 4500 | ||
|---|---|---|---|
| 003 | OSt | ||
| 005 | 20180116183028.0 | ||
| 008 | 151216b xxu||||| |||| 00| 0 eng d | ||
| 020 | _a01-509-2013-1 | ||
| 040 | _c LUMS | ||
| 082 | _a174.4 LUM 2011 | ||
| 100 | _aAKHTAR MF, ASHRAF MJ | ||
| 245 |
_aACCOUNTING FOR STATE REVENUES _cAKHTAR MF, ASHRAF MJ |
||
| 260 |
_aLahore _bLahore University of Management Sciences _c2013 |
||
| 300 |
_a18 p. _bPapers |
||
| 440 | _aACCOUNTING FOR STATE REVENUES | ||
| 942 |
_2ddc _cCS |
||
| 999 |
_c350880 _d350880 |
||